000 00304nam a2200145Ia 4500
100 _aBrown .Steve
942 _cRB
654 _aManufacturing
245 _aManufacturing the Future
260 _bPrentice Hall
_c2000
082 _a658.5
_bBRO
300 _a212
546 _aENGLISH
999 _c24257
_d24257